Legendy
Saved in:
| Main Author | |
|---|---|
| Format | Electronic eBook |
| Language | Czech |
| Published |
Golden Dog
2025
|
| Edition | 1. elektronické vydání |
| Subjects | |
| Online Access | Dostupné v BOOKPORT po přihlášení pomocí eduID |
| ISBN | 978-80-53027-26-7 978-80-53027-27-4 978-80-53027-25-0 |
| Physical Description | 1 online zdroj (432 stran) |
Cover
| LEADER | 00000nam a2200000 i 4500 | ||
|---|---|---|---|
| 001 | bkp1073291698 | ||
| 003 | CZ-prgp | ||
| 005 | 20260413161219.0 | ||
| 006 | m o d | ||
| 007 | cr cn | ||
| 008 | 260413s2025 xr o 000 1 cze | ||
| 020 | |a 978-80-53027-26-7 |c 399 Kč |q (online ; pdf) | ||
| 020 | |a 978-80-53027-27-4 |c 399 Kč |q (online ; epub) | ||
| 020 | |a 978-80-53027-25-0 |c 599 Kč |q (print) | ||
| 040 | |a Grada |b cze |e rda | ||
| 100 | 1 | |a Oldřich, Suchý | |
| 245 | 1 | 0 | |a Legendy |c Suchý Oldřich |
| 250 | |a 1. elektronické vydání | ||
| 264 | 1 | |b Golden Dog |c 2025 | |
| 300 | |a 1 online zdroj (432 stran) | ||
| 336 | |a text |b txt |2 rdacontent | ||
| 337 | |a počítač |b c |2 rdamedia | ||
| 338 | |a online zdroj |b cr |2 rdacarrier | ||
| 520 | 3 | |a Fascinující sbírka příběhů, které mistrovsky kombinují temnou fantastiku, hlubokou symboliku a poetický jazyk. Autor s precizností a citem pro detail vykresluje postavy zmítané osudem, hledáním a vnitřními konflikty. Jeho vypravěčský styl se vyznačuje bohatými obrazy, silnou atmosférou a schopností přenést čtenáře do tajemných světů, kde hranice mezi skutečností a magií zcela mizí. Každý z příběhů vyniká svou mnohovrstevností - postavy jsou nezapomenutelné, dialogy mají spád a filozofické přesahy obohacují zážitek z četby. Oldřich Suchý brilantně zachycuje napětí mezi temnotou a světlem, zoufalstvím a nadějí, což činí z Legend dílo, které zůstává v mysli dlouho po dočtení poslední stránky. Tento literární klenot osloví čtenáře hledající krásu ve slovech, hloubku v příbězích a kouzlo v nepoznaném. | |
| 650 | 0 | 4 | |a Horory |
| 856 | 4 | 0 | |u https://www.bookport.cz/AccountSaml/SignIn/?idp=https://shibboleth.utb.cz/idp/shibboleth&returnUrl=/kniha/legendy-15956/ |y Dostupné v BOOKPORT po přihlášení pomocí eduID |